| 000 | 00558nam a22001817a 4500 | ||
|---|---|---|---|
| 003 | OSt | ||
| 005 | 20160819080831.0 | ||
| 008 | 160819b xxu||||| |||| 00| 0 eng d | ||
| 040 | _cRCAA | ||
| 082 |
_a324.7 _bA876p 1970 |
||
| 100 | _aAtkinson, James D. | ||
| 245 |
_aPolítica de la subversión : _bel frente comunista y la lucha política _cJames David Atkinson ; Carlos Alberto Viñuales, traductor |
||
| 260 |
_aBuenos Aires : _bTroquel, _c1970 |
||
| 300 | _a284 páginas | ||
| 650 | _aPolítica | ||
| 650 | _aActividades subversivas | ||
| 942 |
_2ddc _cBK |
||
| 999 |
_c798 _d798 |
||